01137nam a2200277 i 450000100060000000300090000600500170001500700030003200800410003502000180007608000200009424502390011426000450035330000300039865000440042865000480047265500480052070000270056870000280059570000300062371000370065385200220069094200080071299900170072095201220073788926ES-MaACL20230906175955.0t|041228s1990 xxk ||||1| eng d a0-300-05036-4 a75.036(083.824)00aArt in the making Impressionism : b[exposición celebrada en la National Gallery de Londres, del 28 de noviembre de 1990 al 21 de abril de 1991] /cDavid Bomfor ... [et al.] ; with contributions by Raymond White and Louise Williams. aLondon : bThe National Gallery, c1990. a227 p. : bil. ; c27 cm. 4aPintura-yS.XIX-vExposiciones.9137837 4aImpresionismo (Arte)-vExposiciones.913619 72tgfbne9193628aCatálogos de exposiciones1 aBomford, David.9300321 aWhite, Raymond.91166841 aWilliams, Louise.91169402 aNational Gallery (Londres)95970 aES-MaACLjE-10768 2udc c88926d88926 00104070aATENEOMbATENEOMcDEPO2d2008-01-17eSCl0oE-10768p1092879r2023-02-23 00:00:00w2023-02-23yMONOGRAFIA